Inter-caste relations in a Rajasthan village (Record no. 63906)

000 -LEADER
fixed length control field 00425pab a2200169 454500
008 - FIXED-LENGTH DATA ELEMENTS--GENERAL INFORMATION
fixed length control field 180718b2004 xxu||||| |||| 00| 0 eng d
100 ## - MAIN ENTRY--PERSONAL NAME
Personal name Gill, M.S.
245 ## - TITLE STATEMENT
Title Inter-caste relations in a Rajasthan village
260 ## - PUBLICATION, DISTRIBUTION, ETC.
Date of publication, distribution, etc. 2004
300 ## - PHYSICAL DESCRIPTION
Extent p.121-26.
362 ## - DATES OF PUBLICATION AND/OR SEQUENTIAL DESIGNATION
Dates of publication and/or sequential designation Apr
650 ## - SUBJECT ADDED ENTRY--TOPICAL TERM
Topical term or geographic name entry element Caste - India- Rajasthan
650 ## - SUBJECT ADDED ENTRY--TOPICAL TERM
Topical term or geographic name entry element Caste
700 ## - ADDED ENTRY--PERSONAL NAME
Personal name Bali, Bahadur
773 ## - HOST ITEM ENTRY
Main entry heading Guru Nanak Journal of Sociology
909 ## -
-- 63906
Holdings
Withdrawn status Lost status Damaged status Not for loan Permanent Location Current Location Date acquired Serial Enumeration / chronology Barcode Date last seen Price effective from Koha item type
        Indian Institute of Public Administration Indian Institute of Public Administration 2018-07-19 Volume no: 25, Issue no: 1 AR64358 2018-07-19 2018-07-19 Articles

Powered by Koha